000 01092cad a22002055a 4500
001 L154912
008 120131s2012 xxk f 000 0 eng d
035 _a(Sirsi) u154912
041 0 _aeng
110 2 _aUnited Kingdom
_bDepartment for Environment, Food and Rural Affairs
245 0 0 _aSummary of the key findings from the UK climate change risk assessment 2012
_h[electronic resource]
260 _aLondon
_bDEFRA
_c2012
520 _aSummary presents key findings from the first-ever comprehensive assessment of potential risks and opportunities for the UK arising from climate change. The Climate Change Risk Assessment analysed currently available evidence to produce an initial snapshot of how a changing climate may affect the UK up to the year 2100 and will be updated every five years.
590 _aKA NTK
651 4 _aEngland and Wales
_y1543-
690 _aEnvironment
_96238
690 _aSustainability
_96271
856 4 0 _uhttps://randd.defra.gov.uk/Document.aspx?Document=Summary_of_Key_Findings.pdf
_zView the summary free of charge at randd.defra.gov.uk
942 _n0
999 _c113229
_d113229